00529nam a2200205Ia 4500003000400000005001700004008004100021020001500062040000700077041000800084082001700092100001900109245008200128250000600210260003900216300001500255365001400270650001800284650002100302OSt20230328114850.0210423s2007 xx 000 0 und d a1142914426 cAL aeng a303.482 JANF aJANDT (Fred E) aIntroduction to intercultural communication: identities in a global community a5 aNew DelhibSage Publicationsc2007 axx,444bPB b2942cINR aSocial Change aSocial Processes